000 00350nam a2200121Ia 4500
005 20251222143317.0
008 251222s9999||||xx |||||||||||||| ||spa||
020 _a978-9972-9938-3-1
082 _a331.485/M61
245 0 _aLa Mujer en el Mercado Laboral de Lima Metropolitana
264 _bMinisterio de Trabajo y Promoción del Empleo
942 _cLIB
999 _c15940
_d15940